000 00920nam a2200253 i 4500
005 20200104041514.0
008 140221s1996 -Uk||||| |||| 00| 0 eng d
040 _aCO-BoIAVH
_cCO-BoIAVH
041 _aeng
044 _axxk
082 0 4 _a591.68
_bT53t2
245 0 0 _a1996 IUCN red list of threatened animals.
_ccompilen and edited by Jonathan Bailie and Brian Groombridge.
260 _aCambridge :
_bIUCN,
_c1996.
300 _a368 páginas
650 1 4 _aAnimales raros
650 2 4 _aAnimales extintos
650 2 4 _aConservación de la vida silvestre
650 2 4 _aConservación de especies
650 2 4 _aEspecies amenazadas
700 1 _aBailie, Jonathan,
_ecompilador
_eeditor
700 1 _aGroombridge, Brian
_ecompilador
_eeditor
710 _aUnión Internacional para la Conservación de la Naturaleza y los Recursos Naturales
942 _cLIBRO
_2ddc
_01
999 _c748
_d748